Sinh hoÌ£c đaÌ£i cương: Sinh hoÌ£c thưÌ£c vâÌ£t, Sinh hoÌ£c đôÌ£ng vâÌ£t
TriÌ€nh baÌ€y những điểm cơ bản nhâÌt vêÌ€ sinh trưởng, phaÌt triển của thưÌ£c vâÌ£t, đôÌ£ng vâÌ£t trong đoÌ coÌ con ngươÌ€i
Gorde:
| Egile nagusia: | |
|---|---|
| Formatua: | Liburua |
| Hizkuntza: | Undetermined |
| Argitaratua: |
Tp. HCM
ĐaÌ£i hoÌ£c QuôÌc gia Tp. HCM
2000
|
| Gaiak: | |
| Sarrera elektronikoa: | http://lrc.tdmu.edu.vn/opac/search/detail.asp?aID=2&ID=7619 |
| Etiketak: |
Etiketa erantsi
Etiketarik gabe, Izan zaitez lehena erregistro honi etiketa jartzen!
|
| Thư viện lưu trữ: | Trung tâm Học liệu Trường Đại học Thủ Dầu Một |
|---|
| LEADER | 01104nam a2200205Ia 4500 | ||
|---|---|---|---|
| 001 | TDMU_7619 | ||
| 008 | 210410s9999 xx 000 0 und d | ||
| 082 | |a 570 | ||
| 090 | |b NG528 | ||
| 100 | |a Nguyễn, ĐiÌ€nh GiâÌ£u | ||
| 245 | 0 | |a Sinh hoÌ£c đaÌ£i cương: Sinh hoÌ£c thưÌ£c vâÌ£t, Sinh hoÌ£c đôÌ£ng vâÌ£t | |
| 245 | 0 | |c PGS. TS. Nguyễn ĐiÌ€nh GiâÌ£u | |
| 260 | |a Tp. HCM | ||
| 260 | |b ĐaÌ£i hoÌ£c QuôÌc gia Tp. HCM | ||
| 260 | |c 2000 | ||
| 300 | |a 266tr. | ||
| 520 | |a TriÌ€nh baÌ€y những điểm cơ bản nhâÌt vêÌ€ sinh trưởng, phaÌt triển của thưÌ£c vâÌ£t, đôÌ£ng vâÌ£t trong đoÌ coÌ con ngươÌ€i | ||
| 650 | |a Sinh hoÌ£c đaÌ£i cương; Sinh hoÌ£c; Sinh hoÌ£c đaÌ£i cương; ĐaÌ£i cương; ThưÌ£c vâÌ£t; ĐôÌ£ng vâÌ£t | ||
| 856 | |u http://lrc.tdmu.edu.vn/opac/search/detail.asp?aID=2&ID=7619 | ||
| 980 | |a Trung tâm Học liệu Trường Đại học Thủ Dầu Một | ||